|
|
|
|
| LEADER |
00000nam0a2200000 4500 |
| 001 |
186908 |
| 005 |
20231101224025.0 |
| 035 |
|
|
|a (RuTPU)RU\TPU\book\202788
|
| 035 |
|
|
|a RU\TPU\tpu\6545
|
| 090 |
|
|
|a 186908
|
| 100 |
|
|
|a 20101108d1923 km y0rusy50 ca
|
| 101 |
0 |
|
|a rus
|
| 102 |
|
|
|a RU
|
| 105 |
|
|
|a a z 000zy
|
| 200 |
1 |
|
|a Обработка золотосодержащих руд. Цианирование
|f В. Я. Мостович
|g Сибирское Промышленно-Техническое Управление при Сибпромбюро ВСНХ ; Сибирское Бюро Центрального Комитета Всероссийского Союза Горнорабочих
|
| 210 |
|
|
|a Томск
|c Типография Томского Печатно-Издательского Товарищества
|d 1923
|
| 215 |
|
|
|a 50, [32] с.
|c схемы
|
| 300 |
|
|
|a Иллюстрации выполнены методом литографии
|
| 606 |
1 |
|
|a Золото
|x Извлечение из руд
|2 stltpush
|3 (RuTPU)RU\TPU\subj\11853
|9 38741
|
| 606 |
1 |
|
|a Руды
|x Сортировка
|2 stltpush
|3 (RuTPU)RU\TPU\subj\26159
|9 50151
|
| 610 |
1 |
|
|a металлургия
|
| 610 |
1 |
|
|a золотосодержащие руды
|
| 610 |
1 |
|
|a цианирование
|
| 610 |
1 |
|
|a цианистые растворы
|
| 610 |
1 |
|
|a труды учёных ТПУ
|
| 610 |
1 |
|
|a коллекция ТПУ
|
| 610 |
1 |
|
|a механическая обработка
|
| 610 |
1 |
|
|a агитаторы
|
| 610 |
1 |
|
|a фильтр-прессы
|
| 610 |
1 |
|
|a илы
|
| 610 |
1 |
|
|a колчеданные руды
|
| 610 |
1 |
|
|a теллуристые соединения
|
| 610 |
1 |
|
|a осаждение
|
| 610 |
1 |
|
|a осадки
|
| 610 |
1 |
|
|a обработка
|
| 675 |
|
|
|a 669.21
|v 3
|
| 675 |
|
|
|a 622.72
|v 3
|
| 700 |
|
1 |
|a Мостович
|b В. Я.
|c российский ученый, специалист в области металлургии цветных металлов и золота
|c профессор Томского технологического института
|f 1880-1935
|g Владимир Яковлевич
|2 stltpush
|3 (RuTPU)RU\TPU\pers\18677
|
| 712 |
0 |
2 |
|a Сибирское Промышленно-Техническое Управление при Сибпромбюро ВСНХ
|
| 712 |
0 |
2 |
|a Сибирское Бюро Центрального Комитета Всероссийского Союза Горнорабочих
|
| 801 |
|
0 |
|a RU
|b 63413507
|c 20011210
|g PSBO
|
| 801 |
|
2 |
|a RU
|b 63413507
|c 20201204
|g PSBO
|
| 942 |
|
|
|c BK
|